000 00517nam a2200217Ia 4500
005 20251020182515.0
008 200515s9999 xx 000 0 und d
020 _a968-38-0405-5
082 _a658.56/R96
100 _aRussell, J.
245 0 _aEvaluación de la calidad con el Benchmarking
260 _aMéxico, D.F.
260 _bPanorama Editorial
260 _c1993
300 _btbls.
500 _a1 ejemplar
650 _aBENCHMARKING
650 _aCALIDAD TOTAL
942 _cLIB
999 _c1565
_d1565